000 00805nam a2200181Ia 4500
008 151202s9999||||xx |||||||||||||| ||und||
082 _bPNVM-36101
100 _aआपटे वा. शि.
245 _aसंपूर्ण शेक्सपिअर किंग हेन्री द सिक्स्थ भा.1.
260 _bसरीता प्रकाशन पुणे.
260 _c1986
300 _a63
600 _aआपटे वा. शि.
630 _aसंपूर्ण शेक्सपिअर किंग हेन्री द सिक्स्थ भा.1.
700 _aआपटे वा. शि.
730 _aसंपूर्ण शेक्सपिअर किंग हेन्री द सिक्स्थ भा.1.
942 _cBOOK
999 _c1302053
_d1302050